| 000 | 00495nam a2200193Ia 4500 | ||
|---|---|---|---|
| 005 | 20220624141752.0 | ||
| 008 | 131103s9999 xx 000 0 und d | ||
| 020 |
_a8123700369 _cRs 45 |
||
| 040 | _aLoreto College | ||
| 041 | _aEnglish | ||
| 082 |
_a304.28 _bFUT |
||
| 100 | _aFutehally, Laeeq | ||
| 245 |
_aOur environment _cLaeeq Futehally |
||
| 260 |
_aNew Delhi _bNational Book Trust, India _c1988 |
||
| 300 | _a137p | ||
| 440 | _aYoung India Library | ||
| 850 | _aLCLIB | ||
| 942 | _cBK | ||
| 999 |
_c15449 _d65928 |
||